000 01743nam a2200445 i 4500
001 197083
003 ES-MaACL
005 20250821063121.0
008 250104s2003 sp | ||| ||spa
016 7 _abimoBNE20030955368
_2SpMaBN
017 _aM 4372-2003
_bOficina Depósito Legal Madrid
020 _a8434523612
035 _a(OCoLC)433618614
035 _a(SpMaBN)Mimo0001895253
040 _aSpMaBN
_bspa
_cSpMaBN
_erdc
080 _a355.318(73)
080 _a355.425(100)
100 1 _aClancy, Tom,
_d1947-2013
_9239946
_eaut
240 1 0 _aShadow Warriors
_lEspañol
245 1 0 _aGuerreros en la sombra :
_ben el corazón de las Fuerzas Especiales /
_cTom Clancy, con el general Carl Stiner (retirado) y Tony Koltz ; [traducción, Gerardo Di Masso].
260 _a[Barcelona] :
_bSalvat,
_c[2003].
300 _a608 páginas ;
_c24 cm.
336 _2rdacontent
_atexto
337 _2rdamedia
_asin mediación
338 _2rdacarrier
_avolumen
490 1 _aGuerras y conflictos
504 _aBibliografía: páginas 589-590. Índice
594 _aTraducción de: Shadow Warriors
650 0 _aFuerzas armadas especiales-
_zEstados Unidos
_2embne
_9239948
650 7 _aConflictos de baja intensidad
_9161692
700 1 _aStiner, Carl
_9239949
_eclb
700 1 _aKoltz, Tony
_9239950
_eclb
852 _aES-MaACL
_cDEPOJ
_jN-10473
_hDonación: José Lázaro García
_xEncuadernación rústica con solapas
_9206596
903 _9234219
_aLázaro García, José
_ednr
942 _cMONOGRAFIA
_n0
999 _c197083
_d197083